| 000 | 00554nam a2200145Ia 4500 | ||
|---|---|---|---|
| 008 | 151213s9999 xx 000 0 und d | ||
| 100 | _aনূরুর রহমান খান। | ||
| 245 |
_aপ্রাবন্ধিক সৈয়দ মুজতবা আলী। _cনূরুর রহমান খান। |
||
| 260 |
_aঢাকা। _bবাংলা একাডেমী। |
||
| 300 | _a8694 p. | ||
| 650 | _aBangla | ||
| 650 | _aআতœজীবনী। | ||
| 700 | _aনূরুর রহমান খান। | ||
| 999 |
_c4480 _d4480 |
||